| 000 | 00984cam a2200313 a 4500 | ||
|---|---|---|---|
| 001 | 000020113 | ||
| 003 | DO-SdBNP | ||
| 005 | 20230417152700.0 | ||
| 007 | ta | ||
| 008 | 700702s2000 dr 000 d spa d | ||
| 020 | _a8481301515 | ||
| 040 |
_aDO-SdBNP _bspa _cBNPHU |
||
| 082 | 4 |
_a822.33 _bS527r _222 |
|
| 100 | 1 |
_aShakespeare, William, _d1564-1616 _96748 |
|
| 240 | 1 | 0 |
_aRomeo and Juliet. _lEspañol |
| 245 | 1 | 0 |
_aRomeo y Julieta / _cWilliam Shakespeare ; traducción de José María Valverde. |
| 260 |
_aSanto Domingo : _bEl Siglo, _c2000. |
||
| 300 |
_a286 p. ; _c21 cm. |
||
| 490 | 1 |
_aJoyas del milenio _v4 |
|
| 534 | _aTítulo original: Romeo and Juliet | ||
| 590 | _aInventariado, 2018/ YL | ||
| 650 | 0 |
_aTeatro inglés _96749 |
|
| 650 | 4 |
_aDrama inglés _942705 |
|
| 650 | 4 |
_aLiteratura inglesa _9498 |
|
| 700 | 1 |
_aValverde, José María, _etr. _942706 |
|
| 830 | 0 |
_aJoyas del milenio ; _n4 _942707 |
|
| 910 | _aValidado. Control de calidad MFF | ||
| 942 |
_2ddc _cLBS1 |
||
| 999 |
_c19621 _d19621 |
||